Joueurs de tennis présents aux ATP Finals depuis 2010 - Statistiques

Statistiques générales
  • Ce quiz a été pris 311 fois
    85 depuis la dernière actualisation
  • Le résultat moyen est 32 sur 42
Statistiques - réponses
Nationalité Joueurs Nombre de matchs joués % Correct
Serbie Djokovic 57
100%
Suisse Federer 40
100%
Espagne Nadal 28
100%
Russie Medvedev 23
99%
Grande-Bretagne Murray 20
99%
Italie Sinner 17
97%
France Tsonga 8
97%
Allemagne Zverev 30
97%
Espagne Alcaraz 12
96%
Suisse Wawrinka 15
96%
Grèce Tsitsipas 14
95%
Norvège Ruud 13
93%
France Monfils 2
92%
Autriche Thiem 19
90%
Danemark Rune 3
89%
Croatie Cilic 12
86%
Japon Nishikori 14
86%
Espagne Ferrer 17
85%
Etats-Unis Fritz 12
85%
Bulgarie Dimitrov 5
82%
Canada Auger-Aliassime 7
81%
Argentine Del Potro 7
81%
Belgique Goffin 6
81%
Russie Rublev 16
81%
Australie De Minaur 7
79%
France Gasquet 3
79%
Etats-Unis Shelton 3
77%
République Tchèque Berdych 19
70%
Italie Musetti 3
70%
Pologne Hurkacz 4
63%
Canada Raonic 6
63%
Etats-Unis Isner 3
62%
Afrique du Sud Anderson 4
59%
Grande-Bretagne Norrie 2
51%
Argentine Schwartzman 3
51%
Italie Berrettini 4
44%
Etats-Unis Roddick 3
44%
Suède Söderling 3
44%
Etats-Unis Sock 4
42%
Espagne Carreño-Busta 2
41%
Serbie Tipsarevic 5
33%
Etats-Unis Fish 3
16%
Aucun quiz correspondant
Distribution des résultats
% des personnes avec chaque résultat
Percentile par nombre de réponses
Votre historique - résultats
Vous n’avez pas pris ce quiz depuis la dernière actualisation